Stubborn children : controlling delinquency in the United States, 1640-1981 /

Bibliographic Details
Main Author: Sutton, John, 1949-
Format: Book
Language:English
Published: Berkeley : University of California Press, [1988]
Series:Medicine and society.
Subjects:

MARC

Tag First Indicator Second Indicator Subfields
LEADER 00000cam a2200000 a 4500
001 in00000027014
005 20151007055844.0
008 870420s1988 caua b s00110 eng
010 |a  87010850  
020 |a 0520060938 (alk. paper) 
035 |a (OCoLC)15629286 
035 |9 AAB9459AM 
040 |a DLC  |c DLC  |d TXA  |d UtOrBLW 
043 |a n-us--- 
049 |a TXAM  |c [A11116188] 
050 0 0 |a HV9104  |b .S88 1988 
082 0 |a 364.3/6/0973  |2 19 
100 1 |a Sutton, John,  |d 1949- 
245 1 0 |a Stubborn children :  |b controlling delinquency in the United States, 1640-1981 /  |c John R. Sutton. 
264 1 |a Berkeley :  |b University of California Press,  |c [1988] 
264 4 |c ©1988 
300 |a xii, 299 pages :  |b illustrations ;  |c 22 cm. 
336 |a text  |b txt  |2 rdacontent 
337 |a unmediated  |b n  |2 rdamedia 
338 |a volume  |b nc  |2 rdacarrier 
490 1 |a Medicine and society 
504 |a Bibliography: pages 271-291. 
500 |a Includes index. 
650 0 |a Juvenile corrections  |z United States  |x History. 
650 0 |a Reformatories  |z United States  |x History. 
650 0 |a Juvenile delinquents  |z United States  |x History. 
650 0 |a Juvenile justice, Administration of  |z United States  |x History. 
830 0 |a Medicine and society. 
999 |a MARS 
999 f f |s 966ea675-ebb7-3f2f-b5ac-f2918c877cd5  |i 256e48eb-7349-37af-b626-73a7dcf8af5b  |t 0 
952 f f |p ric  |a Texas A&M University  |b Rellis Campus  |c Joint Library Facility  |d Remote Storage  |t 0  |e HV9104 .S88 1988  |h Library of Congress classification  |i unmediated -- volume  |m A14811116188 
998 f f |a HV9104 .S88 1988  |t 0  |l Remote Storage